Banco Mundial y FMI son culpables
Guardado en:
| Formato: | Texto |
|---|---|
| Materias: | |
| Etiquetas: |
Agregar Etiqueta
Sin Etiquetas, Sea el primero en etiquetar este registro!
|
MARC
| LEADER | 00000 a a2200000 04500 | ||
|---|---|---|---|
| 001 | 7090 | ||
| 003 | |||
| 040 | |||
| 245 | |a Banco Mundial y FMI son culpables | ||
| 650 | |a SOCIEDAD CIVIL | ||
| 650 | |a ANALISIS HISTORICO | ||
| 650 | |a BANCO MUNDIAL | ||
| 650 | |a LIBERALIZACION DEL INTERCAMBIO | ||
| 650 | |a INSTITUCIONES PUBLICAS | ||
| 650 | |a POLITICA GUBERNAMENTAL | ||
| 650 | |a DESARROLLO SUSTENTABLE | ||
| 650 | |a ONU | ||
| 773 | |g volumen 13, número 154; páginas 40-49 | ||
| 999 | |c 25774 |d 25774 | ||
